op 10 des pays avec la plus forte proportion de personnes LGBTQ+ - Statistiques

Statistiques générales
  • Ce quiz a été pris 36 fois
  • Le résultat moyen est 7 sur 10
Statistiques - réponses
% estimé LGBTQ+ Pays % Correct
~5–6 % France
97%
~6–7 % Espagne
91%
~7–8 % Brésil
82%
~5–6 % Allemagne
79%
~6–7 % Canada
79%
~5–6 % Royaume Uni
65%
~5–6 % Suède
65%
~7–9 % États Unis
62%
~6–7 % Australie
59%
~6–7 % Pays Bas
59%
Aucun quiz correspondant
Distribution des résultats
% des personnes avec chaque résultat
Percentile par nombre de réponses
Votre historique - résultats
Vous n’avez pas pris ce quiz